[Event "Millionaire Chess Open 2014"]
[Site "Las Vegas USA"]
[Date "2014.10.10"]
[Round "3.10"]
[White "Xiong, Jeffery"]
[Black "Zhou, Jianchao"]
[Result "1-0"]
[WhiteTitle "IM"]
[BlackTitle "GM"]
[WhiteElo "2470"]
[BlackElo "2580"]
[WhiteFideId "2047640"]
[BlackFideId "8603537"]
[EventDate "2014.10.09"]

1. e4 c5 2. c3 Nf6 3. e5 Nd5 4. Nf3 Nc6 5. Bc4 Nb6 6. Bb3 d5 7. exd6 Qxd6 8. Na3
a6 9. O-O e6 10. d3 Be7 11. Be3 Nd5 12. Nc4 Qc7 13. a4 b6 14. Bg5 O-O 15. Bxe7
Ndxe7 16. Ng5 h6 17. Ne4 Rd8 18. a5 Nxa5 19. Nxa5 bxa5 20. Bc4 Bd7 21. Qb3 Rdc8
22. Qa3 a4 23. d4 Bb5 24. Bxb5 axb5 25. dxc5 Qc6 26. Nd6 Rcb8 27. Rfd1 Nd5 28.
Rd4 Nc7 29. h3 Na6 30. c4 b4 31. Qg3 Qc7 32. c6 a3 33. bxa3 Nc5 34. Rg4 f5 35.
Nb5 Qxg3 36. Rxg3 Rc8 37. c7 Kf8 38. h4 f4 39. Rf3 g5 40. hxg5 hxg5 41. g3 e5
42. gxf4 exf4 43. Kh2 Kg7 44. Rg1 bxa3 45. Rxg5+ Kf6 46. Rxc5 Rh8+ 47. Kg2 Rhg8+
48. Kh3 a2 49. Rxf4+ Ke7 50. Re4+ Kd7 51. Rd5+ Kc8 52. Re7 Ra6 53. Na7+ Rxa7 54.
Rd8+ 1-0

[Event "Millionaire Chess Open 2014"]
[Site "Las Vegas USA"]
[Date "2014.10.10"]
[Round "3.11"]
[White "Akobian, Varuzhan"]
[Black "Wan, Yunguo"]
[Result "1-0"]
[WhiteTitle "GM"]
[BlackTitle "IM"]
[WhiteElo "2640"]
[BlackElo "2489"]
[WhiteFideId "13300580"]
[BlackFideId "8603189"]
[EventDate "2014.10.09"]

1. d4 Nf6 2. c4 g6 3. Nc3 Bg7 4. e4 d6 5. f4 O-O 6. Nf3 Na6 7. Bd3 e5 8. fxe5
dxe5 9. d5 c5 10. Bg5 h6 11. Bh4 g5 12. Bf2 Ng4 13. O-O Nxf2 14. Rxf2 Nc7 15.
Nd2 Ne8 16. Kh1 Nd6 17. Nb5 Ne8 18. Nf1 a6 19. Nc3 Nd6 20. Qh5 b5 21. Ne3 b4 22.
Na4 f5 23. exf5 e4 24. Bc2 Ra7 25. Raf1 Bd4 26. f6 Bxe3 27. Qg6+ Kh8 28. f7 g4
29. Rf6 Qe7 30. Rxd6 Qxf7 31. Rff6 Bg5 32. Nxc5 Qxf6 33. Rxf6 Rxf6 34. Qe8+ Kg7
35. Qe5 Kg8 36. g3 Raf7 37. Nxe4 Rf1+ 38. Kg2 Be3 39. Nf6+ R1xf6 40. Qxe3 Rf3
41. Qe8+ Kg7 42. Qe5+ Kg8 43. Be4 Re7 44. Qd4 Rff7 45. c5 Re8 46. d6 Bd7 47. Qd5
Rc8 48. Bg6 Bc6 49. Bxf7+ Kf8 50. d7 1-0

[Event "Millionaire Chess Open 2014"]
[Site "Las Vegas USA"]
[Date "2014.10.10"]
[Round "3.12"]
[White "Najer, Evgeniy"]
[Black "Barcenilla, Rogelio"]
[Result "1-0"]
[WhiteTitle "GM"]
[BlackTitle "GM"]
[WhiteElo "2635"]
[BlackElo "2462"]
[WhiteFideId "4118987"]
[BlackFideId "5200059"]
[EventDate "2014.10.09"]

1. d4 Nf6 2. c4 g6 3. Nc3 Bg7 4. e4 d6 5. Nf3 O-O 6. h3 e5 7. d5 Nh5 8. g3 f5 9.
exf5 gxf5 10. Be2 Qe8 11. Nh4 Nf6 12. Bg5 Na6 13. Qc2 Nc5 14. Be3 e4 15. O-O-O
Nfd7 16. Kb1 Ne5 17. Bxc5 dxc5 18. g4 Nd3 19. Bxd3 exd3 20. Rxd3 Qe7 21. Nf3
fxg4 22. hxg4 h6 23. Re3 Qf6 24. Ne4 Qf4 25. Nh4 Bxg4 26. Ng6 Qf7 27. Nxf8 Kxf8
28. Rh4 Bf5 29. Rf3 Re8 30. Rhf4 Re5 31. a3 Kg8 32. Nf6+ Qxf6 33. Rxf5 Re1+ 34.
Ka2 Qe7 35. Rf7 Qxf7 36. Rxf7 Kxf7 37. Qf5+ Ke7 38. Qc8 Re2 39. Qxc7+ Kf8 40.
Qxc5+ 1-0

[Event "Millionaire Chess Open 2014"]
[Site "Las Vegas USA"]
[Date "2014.10.10"]
[Round "3.15"]
[White "Aldama Degurnay, Dionisio"]
[Black "Kacheishvili, Giorgi"]
[Result "0-1"]
[WhiteTitle "IM"]
[BlackTitle "GM"]
[WhiteElo "2408"]
[BlackElo "2597"]
[WhiteFideId "3500268"]
[BlackFideId "13600613"]
[EventDate "2014.10.09"]

1. e4 c5 2. Nf3 d6 3. d4 cxd4 4. Nxd4 Nf6 5. Nc3 Nc6 6. Bc4 e6 7. Bb3 a6 8. Be3
Na5 9. f4 Nxb3 10. axb3 Qc7 11. O-O Rb8 12. e5 Nd7 13. Qh5 g6 14. Qh3 Be7 15. f5
dxe5 16. fxg6 exd4 17. g7 Qe5 18. gxh8=Q+ Qxh8 19. Rxf7 Kxf7 20. Qh5+ Kg8 21.
Qe8+ Nf8 22. Qxe7 dxe3 23. Qd6 Ra8 24. Re1 Bd7 25. Rxe3 Qg7 26. Rg3 Ng6 27. h4
Kh8 28. h5 Qe5 29. Ne4 Bc6 30. hxg6 Qxe4 31. gxh7 Re8 32. c4 Qb1+ 33. Kh2 Qf5
34. b4 Qf6 35. Rg4 Rd8 36. Qg3 Rd2 37. Qb8+ Kxh7 38. Qg8+ Kh6 39. Rg3 Bxg2 0-1

[Event "Millionaire Chess Open 2014"]
[Site "Las Vegas USA"]
[Date "2014.10.10"]
[Round "3.18"]
[White "Shabalov, Alexander"]
[Black "Felecan, Florin"]
[Result "1-0"]
[WhiteTitle "GM"]
[BlackTitle "IM"]
[WhiteElo "2499"]
[BlackElo "2355"]
[WhiteFideId "2008572"]
[BlackFideId "2016230"]
[EventDate "2014.10.09"]

1. d4 d6 2. e4 g6 3. Nc3 Bg7 4. f4 Nf6 5. Nf3 c5 6. dxc5 Qa5 7. Qd4 O-O 8. Bd2
Nc6 9. Qc4 Be6 10. Qb5 Qc7 11. Bd3 d5 12. e5 Nd7 13. Be3 f6 14. exf6 Bxf6 15.
O-O Bf7 16. Bf2 a6 17. Qb3 e6 18. Rae1 Na5 19. Qa3 Nc6 20. Ne2 Be7 21. Qc3 Rfc8
22. b4 b6 23. Ned4 Bf6 24. Qa3 a5 25. cxb6 Nxb6 26. Nxe6 axb4 27. Nxc7 1-0

[Event "Millionaire Chess Open 2014"]
[Site "Las Vegas USA"]
[Date "2014.10.10"]
[Round "3.27"]
[White "Fishbein, Alexander"]
[Black "Yanayt, Eugene"]
[Result "1-0"]
[WhiteTitle "GM"]
[BlackTitle "FM"]
[WhiteElo "2472"]
[BlackElo "2257"]
[WhiteFideId "2000377"]
[BlackFideId "2020165"]
[EventDate "2014.10.09"]

1. Nf3 Nf6 2. c4 g6 3. Nc3 Bg7 4. e4 d6 5. d4 O-O 6. Be2 e5 7. O-O Nc6 8. Be3
Ng4 9. Bg5 f6 10. Bc1 Nh6 11. dxe5 dxe5 12. Qd5+ Nf7 13. Be3 Re8 14. Rfd1 Be6
15. Qxd8 Nfxd8 16. Nd5 Rc8 17. b4 Bg4 18. b5 Bxf3 19. Bxf3 Nd4 20. Bg4 N8e6 21.
g3 c6 22. Bxd4 exd4 23. Nf4 Nxf4 24. Bxc8 Ne2+ 25. Kf1 Nc3 26. Bxb7 cxb5 27.
Rxd4 f5 28. Rd2 Nxe4 29. Rad1 Nc3 30. Re1 Rxe1+ 31. Kxe1 bxc4 32. Ba6 1-0

[Event "Millionaire Chess Open 2014"]
[Site "Las Vegas USA"]
[Date "2014.10.10"]
[Round "3.37"]
[White "Li, Ruifeng"]
[Black "Braunlich, Tom"]
[Result "1-0"]
[WhiteTitle "FM"]
[WhiteElo "2365"]
[BlackElo "2145"]
[WhiteFideId "2061074"]
[BlackFideId "2017016"]
[EventDate "2014.10.09"]

1. e4 c5 2. Nf3 d6 3. d4 cxd4 4. Nxd4 Nf6 5. Nc3 a6 6. Be3 e5 7. Nb3 Be6 8. Be2
Nbd7 9. O-O Rc8 10. f4 Be7 11. f5 Bc4 12. Bxc4 Rxc4 13. Qd3 Rc7 14. a4 O-O 15.
Rad1 Ng4 16. Nd5 Nxe3 17. Nxe3 Nf6 18. c4 Qd7 19. Ra1 Qc6 20. Nd2 Qc5 21. Kh1
Rfc8 22. b3 h6 23. Nd5 Nxd5 24. exd5 b5 25. axb5 axb5 26. f6 bxc4 27. Qg3 Bf8
28. fxg7 Bxg7 29. bxc4 Qd4 30. Rad1 f5 31. Qg6 e4 32. Qxf5 e3 33. Qe6+ Kh8 34.
Nf3 Qxc4 35. Qxe3 Rc5 36. Qe6 Qa6 37. Nh4 R5c7 38. Ng6+ Kh7 39. Ne7 Rd8 40. Qg6+
Kh8 41. Rf7 1-0

[Event "Millionaire Chess Open 2014"]
[Site "Las Vegas USA"]
[Date "2014.10.10"]
[Round "3.54"]
[White "Perdomo, Carlos Andres"]
[Black "Melekhina, Alisa"]
[Result "0-1"]
[WhiteTitle "IM"]
[BlackTitle "FM"]
[WhiteElo "2331"]
[BlackElo "2190"]
[WhiteFideId "4400852"]
[BlackFideId "2022613"]
[EventDate "2014.10.09"]

1. c4 e5 2. Nc3 d6 3. g3 g6 4. Bg2 Bg7 5. e3 c6 6. Nge2 Be6 7. b3 Qd7 8. d4 f5
9. Ba3 Bf7 10. dxe5 dxe5 11. Qc2 Bf8 12. Bb2 Nh6 13. O-O Qc7 14. e4 Nd7 15. Bc1
Be6 16. Bh3 Ng4 17. f3 Bc5+ 18. Kg2 O-O 19. Nd1 Qb6 20. exf5 gxf5 21. Qd2 Kh8
22. Kh1 Ngf6 23. Bb2 Rad8 24. Qc2 Ne8 25. Nf4 Ng7 26. Nd3 Bd4 27. Nc3 Nc5 28.
Nxc5 Qxc5 29. Na4 Qa5 30. Rae1 Rd7 31. Re2 Rfd8 32. Rfe1 Bxb2 33. Qxb2 Rd1 34.
Rxd1 Rxd1+ 35. Kg2 b5 36. Nc5 Bxc4 0-1

[Event "Millionaire Chess Open 2014"]
[Site "Las Vegas USA"]
[Date "2014.10.10"]
[Round "4.1"]
[White "Yu, Yangyi"]
[Black "Margvelashvili, Giorgi"]
[Result "1-0"]
[WhiteTitle "GM"]
[BlackTitle "GM"]
[WhiteElo "2697"]
[BlackElo "2540"]
[WhiteFideId "8603820"]
[BlackFideId "13602926"]
[EventDate "2014.10.09"]

1. e4 c6 2. d4 d5 3. e5 Bf5 4. h4 Qb6 5. c4 e6 6. Nc3 h6 7. c5 Qc7 8. Be3 Nd7 9.
Be2 Ne7 10. h5 Bh7 11. f4 b6 12. b4 a5 13. a3 axb4 14. axb4 Rxa1 15. Qxa1 bxc5
16. bxc5 f6 17. Nf3 fxe5 18. Nxe5 Nxe5 19. fxe5 Nc8 20. O-O Be7 21. Qa8 Bd8 22.
Ba6 Na7 23. Bb7 Qa5 24. Bxc6+ Ke7 25. Bxd5 exd5 26. Qxd5 Rf8 27. Qd6+ 1-0

[Event "Millionaire Chess Open 2014"]
[Site "Las Vegas USA"]
[Date "2014.10.10"]
[Round "4.2"]
[White "Matamoros Franco, Carlos S."]
[Black "Lenderman, Aleksandr"]
[Result "1/2-1/2"]
[WhiteTitle "GM"]
[BlackTitle "GM"]
[WhiteElo "2517"]
[BlackElo "2589"]
[WhiteFideId "3600017"]
[BlackFideId "2021285"]
[EventDate "2014.10.09"]

1. c4 e5 2. g3 Nc6 3. Nc3 g6 4. Bg2 Bg7 5. Nf3 d6 6. d3 Nf6 7. O-O O-O 8. Rb1 a5
9. Bg5 h6 10. Bxf6 Bxf6 11. a3 Bg7 12. b4 axb4 13. axb4 Ne7 14. b5 Be6 15. Qc2
c6 16. bxc6 bxc6 17. Nd2 d5 18. Na4 Bg4 19. Bf3 Bxf3 20. exf3 Nf5 21. Nc5 Nd4
22. Qd1 Ra2 23. Ncb3 Qg5 24. Nxd4 Rxd2 25. Qe1 Rxd3 26. Nxc6 dxc4 27. Qe4 Qf6
28. Rbc1 Qxf3 29. Qxf3 Rxf3 30. Rxc4 Ra8 31. Kg2 Rb3 32. Re1 Rb5 33. Re2 Kh7 34.
f4 exf4 35. Rxf4 f5 36. Rb4 Rxb4 37. Nxb4 Rd8 38. Nc2 g5 39. Ne3 Re8 40. Kf1 Kg6
41. g4 fxg4 42. Nxg4 Ra8 43. Kg2 Ra5 44. Nf2 Ra3 45. Ng4 Ra5 46. Nf2 Rd5 47. Ne4
Rd4 48. Nc5 Rg4+ 49. Kf3 Rc4 50. Ne4 Be5 51. Ng3 Rc3+ 52. Kg2 Rc5 53. Ne4 Ra5
54. Nd6 Rd5 55. Ne4 Ra5 56. Nd6 Bf4 57. Ne4 Kf5 58. Ng3+ Kg4 59. Ne4 Kh4 60. Nd2
Ra3 61. Nf3+ Kg4 62. Ne5+ Kf5 63. Nf3 Kf6 64. h3 h5 65. Rc2 Ke6 66. Rc6+ Kd5 67.
Rc2 Be3 68. Nh2 Ra1 69. Nf1 Bf4 70. Nd2 Ra4 71. Nf3 Ke4 72. Re2+ Kd3 73. Rb2 Ra5
74. Rf2 Be3 75. Ne1+ Kc4 76. Re2 Bd4 77. Rc2+ Kd5 78. Rd2 Ke4 79. Re2+ Kf5 80.
Nf3 Bf6 81. Rf2 Kg6 82. Re2 Rd5 83. Rc2 Rb5 84. Re2 Rb3 85. Rc2 Rb4 86. Ra2 g4
87. hxg4 hxg4 88. Nh2 Be5 89. Re2 Kf5 90. Nf1 Rb5 91. Ng3+ Kg5 92. Nf1 Bf4 93.
Ng3 Rb3 94. Nf1 Rd3 95. Rc2 Kf5 96. Re2 Ra3 97. Rc2 Kg5 98. Re2 Kh4 99. Rc2 Be5
100. Re2 Bd4 101. Rc2 Rf3 102. Re2 Ra3 103. Rc2 Be5 104. Re2 Bf4 105. Rc2 g3
106. Re2 Kg4 107. Rc2 Ra8 108. Re2 Ra3 109. Rc2 Ra4 110. Re2 Ra3 111. Rc2 Rd3
112. Re2 Bg5 113. Re4+ Bf4 114. Re2 Rf3 115. Rc2 Rf2+ 1/2-1/2

[Event "Millionaire Chess Open 2014"]
[Site "Las Vegas USA"]
[Date "2014.10.10"]
[Round "4.3"]
[White "So, Wesley"]
[Black "Xiong, Jeffery"]
[Result "1-0"]
[WhiteTitle "GM"]
[BlackTitle "IM"]
[WhiteElo "2755"]
[BlackElo "2470"]
[WhiteFideId "5202213"]
[BlackFideId "2047640"]
[EventDate "2014.10.09"]

1. d4 Nf6 2. c4 e6 3. Nf3 d5 4. Nc3 c5 5. cxd5 cxd4 6. Qxd4 exd5 7. e4 Nc6 8.
Bb5 dxe4 9. Qxd8+ Kxd8 10. Ng5 Be6 11. O-O Bb4 12. Ncxe4 Nxe4 13. Nxe4 Ke7 14.
Be3 Rhd8 15. Ba4 Nd4 16. Rfd1 Nf5 17. Rxd8 Rxd8 18. Bxa7 Ra8 19. Bc5+ Bxc5 20.
Nxc5 b6 21. Nxe6 Rxa4 22. Ng5 f6 23. b3 Ra5 24. Nf3 h5 25. Kf1 Kd6 26. Nd2 b5
27. Ke2 Kc5 28. Kd3 Ra7 29. a3 Rd7+ 30. Kc3 Nd4 31. Re1 Kd5 32. Rd1 Ne2+ 33. Kc2
Rc7+ 34. Nc4+ Kc6 35. Ne3 Nf4 36. g3 Ne6 37. Nd5 Rd7 38. Nf4 Nd4+ 39. Kb2 h4 40.
gxh4 Nf3 41. Rxd7 Kxd7 42. Nh5 Nxh4 43. Nxg7 Kd6 44. Kc3 Kd5 1-0

[Event "Millionaire Chess Open 2014"]
[Site "Las Vegas USA"]
[Date "2014.10.10"]
[Round "4.4"]
[White "Bu, Xiangzhi"]
[Black "Ghaem Maghami, Ehsan"]
[Result "1/2-1/2"]
[WhiteTitle "GM"]
[BlackTitle "GM"]
[WhiteElo "2710"]
[BlackElo "2594"]
[WhiteFideId "8601445"]
[BlackFideId "12500739"]
[EventDate "2014.10.09"]

1. Nf3 c5 2. g3 Nc6 3. Bg2 g6 4. d4 cxd4 5. Nxd4 Bg7 6. Nb3 d6 7. O-O Be6 8. h3
a5 9. a4 Bxb3 10. cxb3 Nf6 11. Nc3 O-O 12. Be3 Nd7 13. Qd3 Nb4 14. Qd2 Nc5 15.
Bxc5 dxc5 16. Rad1 Qb6 17. Qe3 e6 18. Rd7 Nc6 19. Ne4 Rad8 20. Qxc5 Qxb3 21.
Rxd8 Rxd8 22. Nd6 Bd4 23. Qb5 Qxb5 24. axb5 Rxd6 25. bxc6 bxc6 26. Ra1 Bb6 27.
e3 Rd2 28. Rb1 c5 29. Bf1 Kf8 30. Bc4 Ke7 1/2-1/2

[Event "Millionaire Chess Open 2014"]
[Site "Las Vegas USA"]
[Date "2014.10.10"]
[Round "4.5"]
[White "Ramirez, Alejandro"]
[Black "Mamedov, Rauf"]
[Result "1/2-1/2"]
[WhiteTitle "GM"]
[BlackTitle "GM"]
[WhiteElo "2574"]
[BlackElo "2667"]
[WhiteFideId "6500617"]
[BlackFideId "13401653"]
[EventDate "2014.10.09"]

1. d4 Nf6 2. c4 g6 3. g3 c6 4. Nf3 d5 5. cxd5 cxd5 6. Bg2 Bg7 7. O-O O-O 8. Nc3
Ne4 9. Ne5 Bf5 10. Bf4 Nxc3 11. bxc3 Nc6 12. Nxc6 bxc6 13. Qa4 Qd7 14. Rfe1 Rac8
15. e4 dxe4 16. Bxe4 Bxe4 17. Rxe4 e6 18. Be5 Bxe5 19. Rxe5 Rb8 20. Rae1 Rb5 21.
h4 h5 22. Qa6 Rb6 23. Qa4 Rb5 24. Qa6 Rb6 25. Qa4 Rb5 26. Qa6 1/2-1/2

[Event "Millionaire Chess Open 2014"]
[Site "Las Vegas USA"]
[Date "2014.10.10"]
[Round "4.6"]
[White "Kaidanov, Gregory S"]
[Black "Akobian, Varuzhan"]
[Result "1/2-1/2"]
[WhiteTitle "GM"]
[BlackTitle "GM"]
[WhiteElo "2569"]
[BlackElo "2640"]
[WhiteFideId "2008564"]
[BlackFideId "13300580"]
[EventDate "2014.10.09"]

1. Nf3 d5 2. g3 c6 3. Bg2 Bg4 4. c4 e6 5. cxd5 exd5 6. Qb3 Qb6 7. Qc2 Nd7 8. O-O
Ngf6 9. d3 Bd6 10. e4 O-O 11. Nc3 Rfe8 12. Be3 Qa5 13. Nd4 dxe4 14. dxe4 Qh5 15.
f3 Bh3 16. Bxh3 Qxh3 17. Nf5 Be5 18. Rad1 Nf8 19. Bg5 Ne6 20. Bxf6 Bxf6 21. f4
g6 22. Nd6 Bd4+ 23. Kh1 Re7 24. f5 Rd8 25. fxe6 Rxd6 26. exf7+ Rxf7 27. Rxf7
Kxf7 28. Qb3+ Kg7 29. Ne2 Qd7 30. Kg2 Be5 31. Rxd6 Bxd6 32. Qc3+ Kg8 33. e5 Qe6
34. Nf4 Qxe5 35. Qb3+ Kf8 36. Qxb7 Qe4+ 37. Kf1 Bxf4 38. Qa8+ Kg7 39. Qxa7+ Kh6
40. gxf4 Qb1+ 41. Kg2 Qxb2+ 42. Kg3 Qc3+ 43. Kg2 Qd2+ 44. Kg3 Qd3+ 45. Kg2 Qd5+
46. Kg3 Qd3+ 1/2-1/2

[Event "Millionaire Chess Open 2014"]
[Site "Las Vegas USA"]
[Date "2014.10.10"]
[Round "4.7"]
[White "Brunello, Sabino"]
[Black "Najer, Evgeniy"]
[Result "1/2-1/2"]
[WhiteTitle "GM"]
[BlackTitle "GM"]
[WhiteElo "2552"]
[BlackElo "2635"]
[WhiteFideId "813613"]
[BlackFideId "4118987"]
[EventDate "2014.10.09"]

1. d4 d5 2. c4 c6 3. cxd5 cxd5 4. Bf4 Nc6 5. e3 Nf6 6. Nc3 Bg4 7. Qb3 Na5 8.
Qa4+ Bd7 9. Bb5 e6 10. Nf3 Nc4 11. Ne5 Nxe5 12. Bxe5 a6 13. Bxd7+ Nxd7 14. Bg3
Be7 15. O-O Rc8 16. Rfc1 Rc4 17. Qd1 O-O 18. Ne2 Qa5 19. b3 Rcc8 20. a4 Rc6 21.
Nf4 Rfc8 22. Nd3 Qb6 23. Rxc6 Rxc6 24. Rc1 Rxc1 25. Nxc1 Qc6 26. Nd3 h5 27. Qc1
Qxc1+ 28. Nxc1 Kf8 29. Kf1 Ke8 30. f3 h4 31. Bc7 1/2-1/2

[Event "Millionaire Chess Open 2014"]
[Site "Las Vegas USA"]
[Date "2014.10.10"]
[Round "4.8"]
[White "Shankland, Samuel L"]
[Black "Felgaer, Ruben"]
[Result "1/2-1/2"]
[WhiteTitle "GM"]
[BlackTitle "GM"]
[WhiteElo "2633"]
[BlackElo "2577"]
[WhiteFideId "2004887"]
[BlackFideId "107069"]
[EventDate "2014.10.09"]

1. d4 d5 2. c4 c6 3. Nc3 Nf6 4. e3 Bf5 5. cxd5 cxd5 6. Qb3 Nc6 7. Qxb7 Bd7 8.
Qb3 Rb8 9. Qd1 e5 10. dxe5 Nxe5 11. Be2 Bd6 12. f4 Ng6 13. Nf3 O-O 14. O-O Ne7
15. Nd4 Qb6 16. b3 Rfc8 17. Bb2 Bc5 18. Bf3 a5 19. Rf2 Qa7 20. Qd3 Re8 21. Kh1
Rb4 22. Rd2 Bxd4 23. exd4 Bf5 24. Qf1 Qd7 25. Re1 Rbb8 26. g3 Nc6 27. Re5 Ne4
28. Rxe8+ Rxe8 29. Rd1 Nb4 30. Kg1 Nc2 31. Qa6 Nxc3 32. Bxc3 Bg4 33. Bxg4 Qxg4
34. Qd3 Nb4 35. Qd2 h5 36. Re1 Rxe1+ 37. Qxe1 h4 38. Bxb4 axb4 39. Kg2 h3+ 40.
Kf2 Qf5 41. Qe2 Qb1 42. g4 Qh1 43. Kg3 Qg1+ 44. Kxh3 Qxd4 45. Qe8+ Kh7 46. Qxf7
Qe3+ 47. Kh4 d4 48. Qh5+ 1/2-1/2

[Event "Millionaire Chess Open 2014"]
[Site "Las Vegas USA"]
[Date "2014.10.10"]
[Round "4.10"]
[White "Ortiz Suarez, Isan Reynaldo"]
[Black "Naroditsky, Daniel"]
[Result "0-1"]
[WhiteTitle "GM"]
[BlackTitle "GM"]
[WhiteElo "2611"]
[BlackElo "2601"]
[WhiteFideId "3507165"]
[BlackFideId "2026961"]
[EventDate "2014.10.09"]

1. e4 e5 2. Nf3 Nc6 3. Bb5 a6 4. Ba4 Nf6 5. O-O Be7 6. d3 b5 7. Bb3 d6 8. a3 O-O
9. Nc3 Bg4 10. Be3 Nd4 11. Bxd4 exd4 12. Nd5 Nd7 13. h3 Bxf3 14. Qxf3 c6 15. Nf4
Kh8 16. g3 Bg5 17. Ne2 Bf6 18. Qg2 c5 19. Nf4 Rc8 20. Nd5 c4 21. Ba2 Nb6 22.
Nxb6 Qxb6 23. f4 Qc5 24. Rae1 g5 25. fxg5 Qxg5 26. Rf5 Qh6 27. Kh2 Be5 28. Qe2
Rg8 29. Rxe5 dxe5 30. dxc4 Qe6 31. b3 bxc4 32. bxc4 Rg6 33. Rf1 Rcg8 34. Rf3 Rg5
35. Bb3 Qg6 36. Qe1 f5 37. exf5 Rxf5 38. Rxf5 Qxf5 39. c5 Rf8 40. c6 e4 0-1

[Event "Millionaire Chess Open 2014"]
[Site "Las Vegas USA"]
[Date "2014.10.10"]
[Round "4.11"]
[White "Kacheishvili, Giorgi"]
[Black "Kulaots, Kaido"]
[Result "1/2-1/2"]
[WhiteTitle "GM"]
[BlackTitle "GM"]
[WhiteElo "2597"]
[BlackElo "2564"]
[WhiteFideId "13600613"]
[BlackFideId "4500261"]
[EventDate "2014.10.09"]

1. d4 Nf6 2. c4 e6 3. Nf3 d5 4. Nc3 Bb4 5. cxd5 exd5 6. Bg5 h6 7. Bh4 c5 8. e3
c4 9. Be2 g5 10. Bg3 Ne4 11. Rc1 Qa5 12. Ne5 Nc6 13. Kf1 Nxg3+ 14. hxg3 Nxe5 15.
dxe5 Be6 16. a3 Bxc3 17. Rxc3 Qc5 18. Bg4 O-O-O 19. Qd4 Qxd4 20. Bxe6+ fxe6 21.
exd4 g4 22. f3 h5 23. Kf2 Kd7 24. Rh4 b5 25. Rc1 Rc8 26. Ke3 a5 27. fxg4 hxg4
28. Rch1 Rhe8 29. Rh7+ Kc6 30. Ra7 Ra8 31. Rg7 Rg8 32. Rhh7 Rxg7 33. Rxg7 b4 34.
a4 Rf8 35. Re7 b3 36. Rxe6+ Kc7 37. Re7+ Kc6 38. Re6+ Kc7 39. Re7+ Kc6 1/2-1/2

[Event "Millionaire Chess Open 2014"]
[Site "Las Vegas USA"]
[Date "2014.10.10"]
[Round "4.12"]
[White "Dreev, Aleksey"]
[Black "Shabalov, Alexander"]
[Result "1/2-1/2"]
[WhiteTitle "GM"]
[BlackTitle "GM"]
[WhiteElo "2654"]
[BlackElo "2499"]
[WhiteFideId "4100107"]
[BlackFideId "2008572"]
[EventDate "2014.10.09"]

1. d4 Nf6 2. c4 g6 3. Nc3 Bg7 4. e4 d6 5. f3 O-O 6. Nge2 c5 7. Be3 cxd4 8. Nxd4
Nc6 9. Be2 Bd7 10. Qd2 Nxd4 11. Bxd4 Bc6 12. O-O a5 13. Rad1 a4 14. c5 dxc5 15.
Bxc5 Nd7 16. Ba3 Re8 17. Kh1 Qb6 18. Nd5 Bxd5 19. Qxd5 Ne5 20. Qb5 Qc7 21. f4
Nc6 22. e5 f6 23. Bg4 Red8 24. exf6 Bxf6 25. Rxd8+ Rxd8 26. Qxa4 Kg7 27. Qb5 Rd2
28. Qc5 h5 29. Qe3 Qd8 30. Bf3 h4 31. Re1 Rd3 32. Qe2 Rd2 33. Qe3 Rd3 34. Qc1 h3
35. Rd1 Qd4 36. Rxd3 Qxd3 37. Bc5 Nd4 38. Bxd4 Qxd4 39. gxh3 b5 40. b3 Qf2 1/2-1/2

[Event "Millionaire Chess Open 2014"]
[Site "Las Vegas USA"]
[Date "2014.10.10"]
[Round "4.13"]
[White "Kjartansson, Gudmundur"]
[Black "Le, Quang Liem"]
[Result "0-1"]
[WhiteTitle "IM"]
[BlackTitle "GM"]
[WhiteElo "2439"]
[BlackElo "2706"]
[WhiteFideId "2301318"]
[BlackFideId "12401137"]
[EventDate "2014.10.09"]

1. c4 c5 2. g3 g6 3. Bg2 Bg7 4. Nc3 Nc6 5. Nf3 d6 6. O-O Bf5 7. b3 Nf6 8. Bb2
O-O 9. d4 Ne4 10. e3 Rb8 11. Nh4 Nxc3 12. Bxc3 Bd7 13. a4 cxd4 14. exd4 e5 15.
d5 Nd4 16. Bxd4 exd4 17. Be4 f5 18. Bf3 d3 19. Qxd3 Bxa1 20. Rxa1 Qf6 21. Rf1 f4
22. Ng2 Bh3 23. gxf4 Rbe8 24. c5 Bxg2 25. Bxg2 dxc5 26. d6 Qd4 27. Qxd4 cxd4 28.
Rd1 Rxf4 29. Bxb7 Rd8 30. b4 Rxd6 31. Rd3 Rf7 32. Be4 Rc7 33. b5 Rc1+ 34. Kg2
Ra1 0-1

[Event "Millionaire Chess Open 2014"]
[Site "Las Vegas USA"]
[Date "2014.10.11"]
[Round "5.2"]
[White "Lenderman, Aleksandr"]
[Black "So, Wesley"]
[Result "0-1"]
[WhiteTitle "GM"]
[BlackTitle "GM"]
[WhiteElo "2589"]
[BlackElo "2755"]
[WhiteFideId "2021285"]
[BlackFideId "5202213"]
[EventDate "2014.10.09"]

1. d4 d5 2. c4 c6 3. cxd5 cxd5 4. Bf4 Nc6 5. e3 Bf5 6. Qb3 Qd7 7. Nc3 e6 8. Nf3
f6 9. a3 Rc8 10. Nd2 Nge7 11. h3 g5 12. Bh2 Bg6 13. Rc1 Kf7 14. Qd1 Nf5 15. Bd3
Nh4 16. Bxg6+ hxg6 17. O-O Nf5 18. Re1 Be7 19. Nf3 Bd6 20. Bxd6 Nxd6 21. Qd3 Ne7
22. Ne2 Nef5 23. Nd2 a5 24. Rc3 Rxc3 25. Nxc3 Rc8 26. b3 Rc6 27. Nb5 Nxb5 28.
Qxb5 Qc7 29. b4 Rc2 30. Nf1 Nd6 31. Qa4 axb4 32. Qxb4 Ke7 33. Rb1 Qc3 34. Qxc3
Rxc3 35. Nd2 Rxa3 36. Kf1 Ra2 37. Ke1 Kd7 38. Nb3 b6 39. Nc1 Rc2 40. Nd3 Nc4 41.
Ra1 Na5 42. Rb1 Rc3 43. Ke2 Nc4 44. g3 Rc2+ 45. Ke1 Ra2 46. h4 Ra3 47. Ke2 Ra2+
48. Ke1 gxh4 49. gxh4 Ke7 50. Rb4 Ra1+ 51. Ke2 Kd6 52. Nf4 g5 53. hxg5 fxg5 54.
Nd3 Kc6 55. Rb3 b5 56. Nc5 Ra2+ 57. Ke1 Nd2 58. Rd3 Nf3+ 59. Kf1 b4 60. Rd1 Kb5
61. Rc1 Nd2+ 62. Ke1 b3 63. Nd3 b2 64. Rc5+ Kb6 65. Nxb2 Rxb2 66. Rc8 Ra2 67.
Re8 Kb5 68. Rc8 g4 69. Rc1 Ne4 0-1

[Event "Millionaire Chess Open 2014"]
[Site "Las Vegas USA"]
[Date "2014.10.11"]
[Round "5.3"]
[White "Naroditsky, Daniel"]
[Black "Matamoros Franco, Carlos S."]
[Result "1-0"]
[WhiteTitle "GM"]
[BlackTitle "GM"]
[WhiteElo "2601"]
[BlackElo "2517"]
[WhiteFideId "2026961"]
[BlackFideId "3600017"]
[EventDate "2014.10.09"]

1. e4 e6 2. d4 d5 3. Nd2 c5 4. Ngf3 cxd4 5. Nxd4 Nc6 6. Bb5 Bd7 7. Nxc6 bxc6 8.
Bd3 Bd6 9. O-O Ne7 10. Nf3 Qc7 11. Re1 Ng6 12. c4 dxc4 13. Bxc4 O-O 14. Rb1 Rab8
15. b3 a5 16. Bb2 c5 17. Qd2 Rfd8 18. Qc3 Bf8 19. h4 h6 20. Ne5 Qxe5 21. Qxe5
Nxe5 22. Bxe5 Ra8 23. Rbd1 Bc6 24. Rxd8 Rxd8 25. a4 Be7 26. h5 Bf6 27. Bxf6 gxf6
28. f3 Kf8 29. Rc1 Rb8 30. Kf2 Ke7 31. Ke3 Kd6 32. g4 Ke7 33. Rc3 Kd6 34. f4 Rg8
35. Be2 e5 36. Rc1 Re8 37. Rf1 Bd7 38. Rd1+ Kc7 39. Rxd7+ Kxd7 40. Bb5+ Ke7 41.
Bxe8 Kxe8 42. fxe5 fxe5 43. Kd3 1-0